[Event "EU-chT (Men) 14th"]
[Site "Plovdiv"]
[Date "2003.10.13"]
[Round "3.3"]
[White "Barkhagen, Jonas"]
[Black "Van Beers, Eddy"]
[Result "1/2-1/2"]
[WhiteElo "2480"]
[BlackElo "2431"]
[Annotator "Roiz,M"]
[PlyCount "46"]
[EventDate "2003.10.10"]
[EventType "team-swiss"]
[EventRounds "9"]
[EventCountry "BUL"]
[SourceTitle "CBM 098"]
[Source "ChessBase"]
[SourceDate "2004.02.03"]
[SourceVersion "1"]
[SourceVersionDate "2004.02.03"]
[SourceQuality "1"]
[WhiteTeam "Sweden"]
[BlackTeam "Belgium"]
[WhiteTeamCountry "SWE"]
[BlackTeamCountry "BEL"]

1. d4 {[%mdl 2048]} f5 2. g3 Nf6 3. Bg2 g6 4. c3 $5 {An interesting method of
avoiding main theoretic systems of Leningrad system.} (4. c4 Bg7 5. Nf3 O-O 6.
O-O d6 7. Nc3 {is the main line.}) 4... d6 $5 {Quite a rare,but possible way
to fight for equality.} ({The most popular is:} 4... Bg7 5. Qb3 {and here
blach has a large choice of possibilities:} Nc6 (5... c6) (5... Na6) (5... d5)
({and even} 5... a5)) ({another possible continuation here is:} 4... c6 5. Nd2
d5 (5... Bg7 6. Qb3 d6 7. Ngf3 Na6 8. O-O Nc7 9. Re1 Rb8 10. e4 Be6 11. Qc2
fxe4 12. Nxe4 $14 {1-0 Chuchelov,V-Krause,U/Germany 1992/EXT 97-B (38)}) 6. Nh3
Be6 7. Nf3 Bg7 8. Nf4 Bg8 9. h4 Ne4 10. h5 g5 11. h6 Bf6 12. Nh5 $14 {1/2-1/2
Sorokin,M-Kramnik,V/Sochi 1989/CBM 16 (53)}) 5. Qb3 Nc6 {The most solid
developing continuation.Black wants to reach a comfortable piece play by e7-e5.
} (5... c6 6. Nf3 Qb6 7. Nbd2 Nbd7 8. Nc4 Qxb3 9. axb3 Bg7 10. Ng5 d5 11. Ne6
Kf7 12. Ng5+ Kg8 13. Na5 Nb8 14. b4 $14 {1-0 Disconzi da Silva,R-Crosa,M/Sao
Paulo 2002/CBM 88 (106)}) 6. Nd2 e5 (6... Bg7 $5 7. Ngf3 e6 8. O-O O-O 9. Re1
d5 $11) 7. dxe5 Nxe5 8. Ngf3 Nf7 9. O-O (9. Nd4 c6 10. N2f3 d5 11. O-O Bg7 12.
c4 O-O 13. Bf4 dxc4 14. Qxc4 Nd5 15. Rad1 Qe7 16. Bc1 Bd7 17. Qb3 Qb4 $11 {
1/2-1/2 Gabriel,C-Kindermann,S/Germany 2001/EXT 2003 (25)}) 9... Bg7 10. e4 $1
$146 {A very powerful novelty:white has a development advantage,so he must
open the position.} (10. Nd4 d5 11. c4 dxc4 12. Qxc4 O-O {1/2-1/2 Halasz,
T-Mainka,R/Recklinghausen 2000/EXT 2001 (12)}) 10... fxe4 {Leads to a force
endgame.} ({after} 10... O-O 11. exf5 gxf5 12. Nc4 $14 {white is slighty
better due to weakness of f5.}) 11. Nxe4 Nxe4 (11... O-O 12. Bg5 Kh8 13. Rfe1
Nxg5 14. Nexg5 $36) 12. Qa4+ c6 13. Qxe4+ Qe7 14. Re1 ({possibly was:} 14.
Qxe7+ Kxe7 15. Re1+ Kf8 16. Be3 $1 (16. Bf4 $6 Bf6 17. Rad1 d5 $11) 16... d5 (
16... Bf6 17. Bd4) 17. Bd4 {and black's position is very unpleasant here,since
his king must take control on e7 and the Rh8 is completely out of play.}) 14...
Qxe4 15. Rxe4+ Kf8 16. Ng5 $6 {[%mdl 16384] White wants to reach a pair of the
bishops,but that allows black to consolidate his position.White had to play
energetically,using all his pieces.} ({After the correct} 16. Be3 $1 {[%cal
Ge3d4]} Bf5 (16... Bf6 17. Bd4 $16 {[%csl Re7][%cal Ga1e1,Ge4e7]}) 17. Rb4 $1
Nd8 18. Re1 $16 {white has a clear advantage:black has no connection between
his pieces.}) 16... Bf6 $1 {[%csl Re7][%cal Yf6e7] Now black is ready to play
Kg7,solving all the problems.} 17. Ne6+ Bxe6 18. Rxe6 Be5 $1 {[%csl Re6][%cal
Gf7d8] Maybe that is what white have overlooked? Now white's rook is trapped.}
19. Bf4 $6 {That allows black to equalize completely.} ({On the other hand,
there was an excellent possibility:} 19. f4 $1 Nd8 20. fxe5 Nxe6 21. exd6 Kg7 (
21... Rd8 22. Bh6+ Ke8 23. Rd1 Kd7 24. Bh3 $14) (21... Kf7 22. Be3 Rhd8 23.
Rf1+ Ke8 24. Rd1 Kd7 25. Bh3 $14 {[%cal Ge3g5,Gg5e7]}) 22. Bh3 Rhe8 23. Be3
Rad8 24. Rd1 b6 25. d7 Re7 26. Bxe6 Kf6 $1 27. Bxb6 $1 axb6 28. Bh3 $14) 19...
Bxf4 20. gxf4 Re8 $1 {Changing white's active rook.} 21. Rae1 Rxe6 22. Rxe6 d5
{[%cal Gf7h6] Black is playing very accurately.Now the only what he has to do
is to activate his rook.} (22... Rg8 23. c4 g5 24. f5 $14) 23. Bh3 Rg8 $1 {
Here the draw was agreed.Black is already not worse.} (23... Rg8 24. Kf1 Rg7 (
24... Nd8 $6 25. Rd6 Ke8 26. Rd7 $14) 25. Ke2 Nh6 (25... Nd8 $5) 26. Ke3 Rf7
$11 ({only not} 26... Re7 $2 27. Kd4 Rxe6 28. Bxe6 Ke7 29. Ke5 $16)) 1/2-1/2

[Event "FRA-chT poule haute"]
[Site "France"]
[Date "2003.05.07"]
[Round "8.4"]
[White "Efimov, Igor"]
[Black "Sharif, Mershad"]
[Result "1-0"]
[WhiteElo "2480"]
[BlackElo "2473"]
[Annotator "Roiz,M"]
[PlyCount "79"]
[EventDate "2003.05.07"]
[EventType "team"]
[EventRounds "4"]
[EventCountry "FRA"]
[SourceTitle "CBM 095"]
[Source "ChessBase"]
[SourceDate "2003.07.25"]
[SourceVersion "1"]
[SourceVersionDate "2003.07.25"]
[SourceQuality "1"]
[WhiteTeam "Monaco"]
[BlackTeam "Nice"]
[WhiteTeamCountry "FRA"]
[BlackTeamCountry "FRA"]

1. d4 e6 2. Nf3 f5 3. g3 b6 $6 {This move is a very rare quest in modern
practice. In my opinion, the text move can be a good way to fight for the
opening advantage.} 4. d5 $1 {Very logical! The black bishop will be placed on
the long diagonal,so white's goal is to close it.This move promises white
better chanses in the endgame.} (4. Bg2 Bb7 5. c4 Nf6 6. O-O Be7 {->A84}) 4...
Bb7 ({The alternative is} 4... Bb4+ 5. Bd2 $1 (5. c3 Be7 6. Bg2 Bb7 7. dxe6
dxe6 8. Qxd8+ Bxd8 9. O-O Nd7 10. Rd1 Bf6 11. Na3 O-O-O 12. Ng5 Bxg5 13. Bxg5
Ngf6 14. Bxb7+ Kxb7 $14 {0-1 Konopka,M-Blatny,P/CZE-ch Ostrava 2002}) 5... Be7
(5... Bxd2+ 6. Qxd2 Bb7 7. c4 Nf6 8. Nc3 $14) 6. c4 Nf6 7. Nc3 Bb7 8. Bg2 O-O
9. O-O Qc8 10. Bf4 $14) 5. Nc3 {In my opinion,better was to change the queens
immediately, because the knight can be placed also on d2.} (5. dxe6 $142 dxe6
6. Qxd8+ Kxd8 7. Bg2 Bd6 8. O-O Nd7 9. b3 Ngf6 10. Bb2 Ke7 11. Nbd2 Bd5 12.
Rfe1 Rae8 13. Nd4 c5 14. Nc6+ Bxc6 15. Bxc6 Rc8 16. Bxd7 Kxd7 17. e4 $36 {
1-0 Gheorghiu,F-Short,N/Phillips&Drew 1980}) 5... Nf6 6. dxe6 dxe6 7. Qxd8+
Kxd8 8. Bg2 Bd6 (8... Bc5 9. O-O Ke7 10. Bf4 $14) 9. O-O Ke7 $146 (9... Nbd7
10. Re1 Ke7 11. e4 fxe4 12. Ng5 Nc5 (12... Bb4 13. Bd2 Nc5 14. Ncxe4 Bxd2 15.
Nxd2 $14) 13. Ncxe4 Ncxe4 14. Nxe4 Nxe4 15. Bxe4 Bxe4 16. Rxe4 Rhf8 17. Be3 Rf5
18. Re1 $14 {1-0 Pedersen,S-Andersen,I/DEN-chT 9596}) 10. Re1 $5 {White has to
use the vulnerablity of black king.} ({Another method of play could be:} 10.
Nb5 Nbd7 11. Rd1 a6 12. Nxd6 cxd6 13. b3 $14 {[%cal Gc1a3] And white has
better chanses due to pair of the bishops and better pawn structure.}) 10...
Na6 {[%cal Ga6b4,Ga6c5]} 11. a3 $6 {Too slowly.} ({White should play more
energetically:} 11. Bg5 $1 {[%cal Ge2e4]} Nb4 (11... Nc5 12. Rad1 {[%cal Gf3d4]
} (12. e4 $6 Ncxe4 13. Nd4 c5 14. Ndb5 Nxc3 15. Nxd6 Bxg2 16. Nxf5+ Kf7 17.
Nd6+ Ke7 18. Bxf6+ gxf6 19. Nf5+ Kf7 $11) 12... h6 13. Bxf6+ Kxf6 14. Nd4 Bxg2
15. Kxg2 $14 {[%csl Rc6,Gd4][%cal Gd4c6,Ge2e4]}) 12. Rac1 {[%cal Ge2e4]} Rhd8
13. a3 Nbd5 14. Nd4 $1 $36) 11... Nc5 12. b3 ({after} 12. Nb5 Rhd8 13. Nxd6
cxd6 {black is not worse.}) 12... a6 $2 {This move is a serious loss of time.}
({Black should simplify the position by} 12... Nce4 13. Bb2 (13. Nb5 Bc5 14. e3
a6) 13... Nxc3 14. Bxc3 c5 15. Rad1 Rhd8 16. Ne5 Bxg2 17. Kxg2 Rac8 $11) 13.
Bb2 {[%cal Gf3d4]} Nce4 (13... Rhd8 14. Nd4 Bxg2 15. Kxg2 Rd7 16. e4 $5 (16.
Rad1 $14) 16... Ncxe4 17. Nxe4 fxe4 (17... Nxe4 18. f3 $16 {[%cal Gd4f5]}) 18.
Nc6+ Kf7 19. Rad1 $14) 14. Nxe4 Bxe4 15. Nd4 $1 {[%csl Rc6][%cal Gd4c6] Very
strong! Black's rooks will be paralized by the knight on c6.} Bxg2 16. Kxg2 {
[%csl Rc6]} c5 {After this move black couldn't avoid exchange of his B,but
probably there is no better move.} (16... Kd7 17. Rad1 Rhd8 18. Rd3 c5 19. Nf3
$14) (16... Kf7 17. Nc6 a5 18. Rad1 $14 {[%csl Gc6,Yd8][%cal Yc6d8]}) 17. Nc6+
Kd7 18. Ne5+ Bxe5 (18... Ke7 19. Rad1 Bxe5 20. Bxe5 Rhd8 {-18...Bxe5}) 19. Bxe5
$16 Rhd8 20. Rad1+ Ke7 (20... Kc6 21. c4 {[%cal Gd1d3,Ge1d1]} b5 22. Rd3 bxc4
23. bxc4 Rxd3 24. exd3 Kd7 25. Rb1 Kc6 26. a4 $16) 21. a4 $2 (21. c4 $142 $1 {
[%cal Yc4d5]} Rxd1 22. Rxd1 Rd8 23. Rxd8 Kxd8 24. f3 $16 {[%csl Rb6][%cal
Gh2h3,Gg3g4] This endgame is very hard for black-his pawns are good targets
for the bishop.}) 21... Rxd1 (21... Rd5 $5 22. Bc7 (22. Rxd5 exd5 {is O.K for
black.}) 22... Nd7 23. c4 Rxd1 24. Rxd1 Ra7 25. Bd6+ Kf7 $14 {[%cal Ga7b7,
Gb6b5] and black has to hold this position.}) 22. Rxd1 Rd8 23. Rxd8 Kxd8 24. c4
{[%csl Rb6,Rc5] Fixing the pawns on the dark squares.Now black must play very
accurately.} Ne4 $1 ({Black cannot hold the position by passive defence:} 24...
Ke7 25. Kf3 g6 {[%cal Gf6d7] in this type of positions white should create
second weakness on the K-side:} 26. h4 Nd7 27. Bc7 Kf6 28. Kf4 Kf7 (28... e5+
29. Kf3 Ke6 30. e4 Kf6 31. exf5 Kxf5 (31... gxf5 32. Kg2 {[%cal Gf2f3,Gg3g4]})
32. g4+ Ke6 33. Ke3 h5 34. f3 Kf6 35. Bd8+ Ke6 36. Ke4 $18) 29. Kg5 Kg7 30. h5
h6+ (30... Kf7 31. hxg6+ hxg6 32. Kh6 Kf6 33. Bd8+ Kf7 34. f3 Ke8 35. Bc7 Kf7
36. g4 fxg4 37. fxg4 Kf6 38. Bd8+ Kf7 39. g5 Ke8 40. Kxg6 $1 Kxd8 41. Kf7 Ne5+
42. Kxe6 Ng6 43. Kd6 Ne7 44. e3 a5 45. e4 $18) 31. Kh4 g5+ 32. Kh3 Kf6 33. g4
Kf7 (33... f4 34. Kg2 Kf7 35. Kf3 e5 36. Ke4 Ke6 37. Bd8 a5 38. f3 $22 $18) 34.
Kg3 Ke7 35. f4 gxf4+ 36. Bxf4 $18) 25. Bxg7 Nd2 26. Bc3 Nxb3 {The bishop is
much stronger than the knight, but probably it's not enouth for a win.} 27. Kf3
Kd7 (27... Nd4+ 28. Bxd4 cxd4 29. Kf4 $18 {[%csl Rd4][%cal Gf4e5]}) 28. h3 {
The problem is that there is no much material on the board and black can
change the pawns on the Q-side by b6-b5.} (28. Kf4 Nc1 29. Ke3 Na2 {[%cal
Ga2b4]}) (28. Ke3 Kc6 29. f3 b5 30. axb5+ axb5 31. cxb5+ Kxb5 32. g4 Kc4 33.
Bb2 fxg4 34. fxg4 Kd5 35. h4 e5 {[%cal Gd5e6]}) 28... Nc1 $2 ({after the
correct} 28... Nd4+ $1 {black is probably out of danger:} 29. Bxd4 (29. Ke3 e5)
29... cxd4 30. g4 Kd6 31. Kf4 (31. g5 e5 32. h4 a5 33. h5 Ke6 $11 {white
cannot improve his position.}) 31... Kc5 (31... fxg4 32. hxg4 Kc5 33. Ke5 Kxc4
34. f4 b5 35. axb5 axb5 36. f5 exf5 37. gxf5 b4 38. f6 b3 39. f7 b2 40. f8=Q
b1=Q 41. Qc8+ $18) 32. g5 (32. gxf5 exf5 33. Kxf5 Kxc4 34. Ke5 b5 35. axb5 axb5
) 32... Kxc4 33. h4 b5 34. axb5 axb5 35. h5 b4 36. g6 hxg6 37. hxg6 b3 38. g7
b2 39. g8=Q b1=Q 40. Qc8+ Kb3 41. Qxe6+ Kc3 42. Qe5 (42. Qxf5 Qxf5+ 43. Kxf5
Kd2 $11) 42... Kd2 43. Qxd4+ Kxe2 44. Qe3+ Kf1 45. f3 Qc2 46. Kg5 Kg2 47. f4
Qe4 $11) 29. g4 fxg4+ 30. hxg4 Kc6 31. Ke3 {[%cal Gf2f4] The knight is out of
play and white can just push f2-f4-f5.} (31. Bb2 Nb3 32. Ke4 Na5 33. Kd3 Kd6 {
[%cal Ga5c6]}) 31... b5 {Now it's too late! The knight is too far away from
the white pawns.} 32. cxb5+ axb5 33. axb5+ Kxb5 34. f4 Kc4 $6 ({More resistant
was} 34... Kc6 35. f5 exf5 (35... Kd7 36. Bb2 Nb3 37. Kf4 {[%cal Gf4g5,Gg5h6,
Gf4e5]}) 36. gxf5 Kd5 37. Kf3 {[%cal Ge2e4] but probably black is lost.}) 35.
Bb2 Na2 36. Ke4 $18 {That's the point! Now black just has no time to defend on
e6.} Nc3+ (36... Nb4 37. Ke5 Nd5 38. Bc1 $18) 37. Bxc3 Kxc3 38. f5 exf5+ 39.
gxf5 c4 40. f6 1-0

[Event "Bundesliga 0203"]
[Site "Germany"]
[Date "2003.02.09"]
[Round "11.1"]
[White "Vallejo Pons, Francisco"]
[Black "Kuczynski, Robert"]
[Result "1-0"]
[WhiteElo "2635"]
[BlackElo "2490"]
[Annotator "Roiz,M"]
[PlyCount "64"]
[EventDate "2002.10.19"]
[EventType "team-tourn"]
[EventRounds "15"]
[EventCountry "GER"]
[SourceTitle "CBM 094"]
[Source "ChessBase"]
[SourceDate "2003.05.26"]
[SourceVersion "1"]
[SourceVersionDate "2003.05.26"]
[SourceQuality "1"]
[WhiteTeam "Emsdetten Turm"]
[BlackTeam "Erfurt"]
[WhiteTeamCountry "GER"]
[BlackTeamCountry "GER"]

1. d4 f5 2. g3 Nf6 3. Bg2 g6 4. Nh3 c6 {This variation is a quite rare quest
in modern tournament practice.Usually,white doesn't play c2-c4 in this
variation.} ({The main continuation here is:} 4... Bg7 5. Nf4 d6 (5... Nc6 6.
O-O (6. d5 Ne5 7. h4 c6 8. Nc3 O-O 9. h5 cxd5 10. hxg6 hxg6 11. Ncxd5 Nxd5 12.
Bxd5+ e6 13. Bg2 Qb6 14. c3 d5 $13 {0-1 Pugachev,A-Rublevsky,S/SSSR 1991}) (6.
h4 e5 7. dxe5 Nxe5 8. h5 c6 9. c4 O-O 10. hxg6 hxg6 11. Qc2 d6 12. Nd2 Qe8 $132
{0-1 Krasenkow,M-Malaniuk,V/Rubinstein mem 34th 1997}) 6... O-O 7. c3 Kh8 8.
Nd3 d6 9. d5 Ne5 10. Nd2 Nxd3 11. exd3 f4 12. Nb3 fxg3 13. hxg3 Bg4 14. Qc2 Rc8
15. Nd4 $14 {1/2-1/2 Fridman,D-Mainka,R/Julian Borowski-B 2000})) (4... d6 5.
Nf4 (5. d5 c6 6. c4 e5 7. dxe6 Bxe6 8. b3 Bg7 9. Bb2 O-O 10. O-O Qe7 11. Nd2
Na6 12. Qc2 Rad8 13. a3 Nc5 14. Ng5 Bc8 $11 {1-0 Ubilava,E-Mellado Trivino,J/
Terres Catalanes 1996}) 5... e5 6. dxe5 dxe5 7. Qxd8+ Kxd8 8. Nd5 (8. Nd3 $5
Nbd7 9. Nc3 c6 10. Be3 Kc7 11. O-O-O $14) 8... Nxd5 9. Bxd5 c6 10. Bg2 Kc7 11.
h4 Bg7 12. h5 Be6 13. hxg6 hxg6 14. Rxh8 Bxh8 15. Nc3 Nd7 16. Bd2 Bg7 17. O-O-O
Rh8 18. Rh1 Rxh1+ 19. Bxh1 e4 20. g4 Ne5 21. gxf5 gxf5 22. b3 Ng4 23. Bf4+ Kd7
24. Nd1 {1/2-1/2 Doroshkievich,V-Annakov,B/Sochi 1997}) 5. Nf4 d6 6. Nc3 {
This move is more useful than 6.h4 because the development advantage in the
endgame will be more serious.} (6. h4 e5 $1 7. dxe5 dxe5 8. Qxd8+ Kxd8 9. Nd3
Nbd7 10. Bg5 Be7 11. Nd2 e4 12. Nf4 Ne5 13. f3 exf3 14. Nxf3 Neg4 15. Nd4 Bd7
16. h5 Nxh5 17. Bxe7+ Kxe7 18. Nxh5 gxh5 19. Rxh5 Kf6 $11 {1/2-1/2 Eingorn,
V-Dolmatov,S/GMA-qual f Moscow 1990}) 6... Bg7 (6... e5 7. dxe5 dxe5 8. Qxd8+
Kxd8 9. Nd3 Nbd7 10. e4 $14) 7. h4 (7. e4 {is an interesting alternative. For
example:} Na6 (7... fxe4 $6 8. Nxe4 {[%cal Ge4g5]} Nxe4 9. Bxe4 e5 10. dxe5
Qa5+ 11. c3 Qxe5 12. O-O O-O 13. Re1 $36 {1-0 Stempin,P-Thuesen,M/Copenhagen
Johansen 1990}) 8. O-O Nc7 9. Re1 O-O 10. Qe2 fxe4 11. Nxe4 Nxe4 12. Qxe4 Bf5
13. Qe2 Qd7 (13... e5 14. dxe5 Bxe5 $11) 14. Be3 Rae8 15. c3 g5 (15... e5) 16.
Nd3 Qe6 $13 {Doettling,F-Mainka,R/Julian Borowski-B}) 7... e5 (7... O-O 8. d5 (
8. h5 e5) 8... Ng4 (8... e5 $2 9. dxe6 d5 10. h5 g5 11. h6 Bh8 12. Nh3 g4 13.
Ng5 Qe7 14. Nf7 Bxe6 15. Nxh8 Kxh8 16. Bg5 $16 {[%csl Gg5,Rh8] Davies,
N-Silseth,S/Peer Gynt 1994}) 9. O-O Ne5 10. e4 Na6 11. Qe2 Nc7 12. Be3 fxe4 13.
Bxe4 e6 14. dxe6 (14. dxc6 $142 bxc6 15. Rfd1 Ba6 16. Qe1 $14) 14... Nxe6 15.
Rad1 Qc7 16. Rfe1 Re8 $15 {Horvath,J-Zhang Zhong/Elista ol (Men) 1998}) 8. dxe5
dxe5 9. Qxd8+ Kxd8 10. Nd3 e4 $8 (10... Re8 11. e4 $16) (10... Nbd7 11. e4 $16)
11. Nf4 Ke7 (11... Rg8 $5 12. h5 g5 13. h6 Bf8) 12. h5 Kf7 13. h6 Bf8 14. Nh3
Bd6 15. Be3 Ng4 (15... Nbd7 16. O-O-O Be5 (16... Bc5 17. Bd4 Bxd4 18. Rxd4 Nc5
19. Ng5+ Ke7 20. f3 $36) 17. Ng5+ Ke7 18. Bd4 $14 {[%cal Gf2f3]}) 16. Bg5 (16.
Bd4 Re8 $1 17. O-O-O Kg8 18. f3 (18. Bg7 Bc5) 18... exf3 19. exf3 (19. Bxf3
Bxg3 20. e4 Bc7) 19... Nxh6 20. Nf4 Nf7 $13) 16... Nd7 $2 {It is unbelievable,
but this natural move is a serious mistake.} (16... Bc5 $142 {Black must
prevent white from opening the position by f2-f3.It is very important to hold
the bishop on the ''g1-a7'' diagonal.} 17. Na4 (17. O-O-O Bxf2 $1 (17... Re8 {
-16...Re8}) 18. Nxe4 Be3+ 19. Bxe3 Nxe3 20. Neg5+ Kf6 21. Rdg1 Nd7 $15) 17...
Bb4+ 18. c3 Bf8 {[%csl Ra4,Rh6]} 19. f3 exf3 20. exf3 Nxh6 $13) (16... Re8 17.
O-O-O Bc5 18. Rhf1 Kg8 $11) 17. O-O-O Bc5 18. Rhf1 Nh2 (18... a6 19. Kb1 $1 Re8
20. f3 exf3 21. exf3 Ne3 22. Bxe3 Bxe3 23. f4 Nf6 24. Ng5+ Kg8 25. Rfe1 $16) (
18... Nde5 19. Na4 $1 Bf8 20. f3 exf3 21. exf3 Nxh6 22. Rfe1 Nd7 23. Be3 $16)
19. Na4 $1 (19. Rfe1 $6 Ng4 20. Na4 Bxf2 (20... Bb4 21. c3 Bf8 22. f3 Ngf6 (
22... exf3 23. exf3 Nxh6 24. Be3 $16 {[%cal Gh3g5,Ge3d4]}) 23. fxe4 $16) 21.
Nxf2 Nxf2 22. Rd6 Ng4 23. Red1 $44) 19... Nxf1 (19... Bf8 20. Rfe1 {[%csl Rh2]
[%cal Gf2f3]} Ng4 21. f3 exf3 22. exf3 Nxh6 23. Be3 $1 $16 {[%cal Gh3g5,Ge3d4]}
) 20. Rxd7+ Bxd7 21. Nxc5 Nxg3 22. fxg3 Bc8 23. Bh4 {From material point of
view,black is even preferable,but his pieces are very passive and white has a
full domination on the black squares.} b6 $2 {After this move Rh8 is out of
play.} (23... Re8 $8 24. Ng5+ Kg8 25. e3 b6 26. Nb3 (26. Bf1 bxc5 27. Bc4+ Kh8
28. Nf7+ Kg8 $11) (26. Nd3 Ba6 27. Nf4 Rad8 28. g4 Rd6 $132) 26... Ba6 27. g4
c5 28. gxf5 gxf5 29. Bh3 $36) 24. Ng5+ Ke8 (24... Kg8 25. Nb3 Ba6 26. e3 c5 27.
Nd2 Re8 28. g4 $1 $18 {[%csl Rf5,Rg8,Rh8][%cal Gd2f1,Gf1g3]}) 25. Nd3 $1 {
The knight gets his ideal place in the centre.} Kd7 (25... Ba6 26. Ne5 Bxe2 27.
Ngf7 $18) 26. Ne5+ Kc7 27. g4 $18 {[%cal Gh4g3] Black is completely lost:he
cannot defend on the black squares.The rest is simple.} f4 28. Bxe4 Bd7 29.
Ngf7 Rhe8 30. Bg5 Bxg4 31. Bxf4 Bxe2 32. Bxc6 Rxe5 {[%mdl 2080]} 1-0

[Event "Minsk Zepter op"]
[Site "Minsk"]
[Date "1998.05.01"]
[Round "7"]
[White "Charnushevich, Aliaksei"]
[Black "Malaniuk, Vladimir P"]
[Result "1/2-1/2"]
[WhiteElo "2435"]
[BlackElo "2600"]
[Annotator "Schipkov,B"]
[PlyCount "56"]
[EventDate "1998.04.25"]
[EventType "swiss"]
[EventRounds "9"]
[EventCountry "BLR"]
[SourceTitle "CBM 064 Extra"]
[Source "ChessBase"]
[SourceDate "1998.07.07"]
[SourceVersion "1"]
[SourceVersionDate "1998.07.07"]
[SourceQuality "1"]

1. d4 f5 2. Nf3 Nf6 3. g3 g6 4. Bg2 Bg7 5. b4 d6 6. Bb2 Nc6 7. a3 (7. b5 Na5 8.
Nbd2 (8. a4 Nc4 9. Bc3 Ne4 $132) 8... a6 9. a4 O-O $132) (7. c4 $5 e5 (7...
Nxb4 $2 8. Qa4+ Nc6 9. d5 $18) (7... Ne4 $5) 8. b5 Nxd4 (8... Ne7 $6 9. dxe5
Nd7 10. O-O Nxe5 11. Qb3 Nxf3+ 12. Bxf3 Bxb2 13. Qxb2 O-O 14. Nc3 $16) 9. Nxd4
exd4 10. Bxd4 O-O (10... a6 $5 {[%cal Ra6b5]}) 11. Nc3 Re8 (11... a6) 12. O-O
$14 {1-0 Horvath,C-Alonso Moyano,J/Lyon 2005/CBM 105 ext (28)}) 7... e5 $1 8.
dxe5 Ng4 9. Nbd2 Ncxe5 10. Nxe5 Nxe5 $11 11. Nc4 Qe7 12. Nxe5 Bxe5 (12... dxe5
$11) 13. Bxe5 dxe5 14. O-O O-O 15. Qd5+ Kg7 16. Rfd1 f4 $1 17. Qc5 Qxc5 18.
bxc5 Rb8 19. Rab1 b6 20. cxb6 axb6 21. Rb5 Kf6 22. gxf4 exf4 23. Rd4 g5 24. e3
fxe3 25. fxe3 Be6 26. c4 h6 27. h4 Rg8 28. c5 bxc5 1/2-1/2

[Event "Moscow Aeroflot op-A"]
[Site "Moscow"]
[Date "2004.02.21"]
[Round "5"]
[White "Grachev, Boris V"]
[Black "Najer, Evgeniy"]
[Result "0-1"]
[WhiteElo "2506"]
[BlackElo "2602"]
[Annotator "Schipkov,B"]
[PlyCount "76"]
[EventDate "2004.02.17"]
[EventType "swiss"]
[EventRounds "9"]
[EventCountry "RUS"]
[SourceTitle "EXT 2005"]
[Source "ChessBase"]
[SourceDate "2004.11.15"]
[SourceVersion "1"]
[SourceVersionDate "2004.11.15"]
[SourceQuality "1"]

1. d4 f5 2. Nf3 Nf6 3. g3 g6 4. Bg2 Bg7 5. O-O O-O 6. b4 d5 $5 {[%cal Gb2b4,
Rd7d5] Black gets good counterplay according to general principles with the
advance in the centre.} 7. Nbd2 Ne4 8. Bb2 Be6 (8... a5 9. b5 (9. a3 axb4 10.
axb4 Rxa1 11. Bxa1 c6 12. c4 b5 (12... Nxd2 $5 13. Nxd2 dxc4 14. Nxc4 Be6 $11)
13. c5 Na6 (13... Nd7 $11) 14. Qb3 {1-0 Vioreanu,B-Chiricuta,M/Techirghiol
2003/CBM 095 ext (44)} Nxd2 15. Nxd2 f4 $132) 9... c5 (9... a4) (9... c6) 10.
bxc6 $6 (10. c4 $132) 10... Nxc6 11. e3 b5 $15 {0-1 Spassov,L-Hoang Thanh
Trang/Budapest 2001/CBM 084 ext (62)}) (8... Qd6 9. a3 Nd7 10. c4 e6 $6 (10...
c6) 11. Qb3 c6 12. a4 Ndf6 (12... b6 $5) 13. Rad1 Bd7 14. Ne5 $14 {1-0 Santos,
C-Maltez,N/Lisbon 2002/EXT 2004 (25)}) (8... Bh6 $6 9. c4 c6 10. e3 $14 {
1-0 Fridman,D-Welz,P/Senden 2002/CBM 090 ext (31)}) 9. c4 c6 (9... Nxd2 $5 10.
Nxd2 Nc6 $132) 10. cxd5 (10. e3 Nd7 (10... Nxd2) 11. Qc2 a6 $6 (11... h6) (
11... Nxd2) 12. a4 Bf7 13. Rfc1 $14 {1-0 Ravi,L-Chan,N/Jodhpur 2003/CBM 093
ext (70)}) 10... cxd5 (10... Bxd5 11. Nxe4 (11. Qc2 $6 Qd6 (11... Nxd2 12. Qxd2
Nd7 $15) 12. a3 Nd7 13. Nc4 Qe6 14. Nfd2 Nxd2 15. Nxd2 f4 $36 {0-1 Jelic,
B-Groenewold,J/Groningen 2004/CBM 104 ext (74)}) 11... Bxe4 12. Ne1 Bxg2 13.
Nxg2 Qd5 14. Nf4 Qf7 $11 {0-1 Grachev,B-Bartel,M/Budva 2003/CBM 096 ext (80)})
11. Qb3 Qb6 12. e3 Nd7 13. a4 g5 $132 (13... Bf7 14. a5 Qb5 15. Rfe1 (15. Rfc1
$6 Qe2 $15) 15... Rac8 16. Bf1 Qc6 17. Rec1 Qd6 18. b5 g5 19. Ba3 Qf6 $132) 14.
a5 Qd6 15. Rfd1 Bf7 16. b5 Rac8 17. Rac1 $6 (17. Ne1) 17... Rxc1 18. Bxc1 g4
$36 19. Ne1 $6 (19. Ba3 Qf6 20. Ne1 Rc8) 19... Rc8 (19... Qc7 $5 $15) 20. Ba3
Qc7 21. Bb4 e5 $1 $15 22. Qd3 Nc3 $2 (22... b6 $15) 23. Bxc3 e4 (23... Qxc3 24.
Qxf5 Rd8 $14) 24. Qc2 $2 {Probably mutual time trouble.} (24. b6 $1 Qc6 (24...
axb6 25. Qb5 Qxc3 26. Qxd7 $18) 25. Qc2 Qxc3 26. Qxc3 Rxc3 27. bxa7 Rc8 28. Rb1
$18) 24... Qxc3 25. Rc1 Qxc2 26. Rxc2 Rxc2 27. Nxc2 Bf8 $15 28. Bf1 Be7 29. Nb3
Kf8 30. Nc1 Ke8 31. a6 $2 (31. h3) 31... bxa6 32. bxa6 Kd8 33. Na2 Kc7 34. Nc3
Kb6 $19 35. h3 Nb8 36. Bb5 Ka5 37. Be2 h5 ({I think Black did not play} 37...
Bh5) 38. hxg4 fxg4 0-1